| 000 | 00000nam##2200000za#4500 |
| 001 | 9.572344 |
| 003 | CaOODSP |
| 005 | 20210624183155 |
| 007 | cr ||||||||||| |
| 008 | 150406|1996||||xxc|||||o f|0| 0 eng|d |
| 040 | |aCaOODSP|beng |
| 043 | |an-cn--- |
| 086 | 1 |aF21-4/96-9E-PDF |
| 110 | 1 |aCanada. |bDepartment of Finance. |
| 245 | 10|aCompliance issues : |h[electronic resource]|bsmall business and the corporate income tax system / |c[by] Plamondon & Associates Inc. ; prepared for the Technical Committee on Business Taxation. |
| 260 | |aOttawa - Ontario : |bFinance Canada |cDecember 1996. |
| 300 | |a34p. |
| 490 | 1 |aWorking paper|v96-9 |
| 500 | |a"The report focusses on the nature and extent of incremental compliance costs, specific irritants in the system, and revenue-neutral initiatives that the government could undertake to improve and simplify the system for Canada's entrepreneurs."--Abstract. |
| 520 | 3 |aThe report focusses on the nature and extent of incremental compliance costs, specific irritants in the system, and revenue-neutral initiatives that the government could undertake to improve and simplify the system for Canada's entrepreneurs.--Abstract |
| 590 | |a11-30-Supp|b2011-12-02 |
| 690 | 07|aIncome tax|2gcpds |
| 710 | 2 |aPlamondon & Associates. |
| 775 | 08|tLes questions d'observation : |w(CaOODSP)9.602720 |
| 776 | 0#|tCompliance issues : |w(CaOODSP)9.613810 |
| 830 | #0|aWorking paper ;|v96-9|w(CaOODSP)9.506727 |
| 856 | 40|ahttp://publications.gc.ca|qPDF|s81 KB|uhttps://publications.gc.ca/collections/Collection/F21-4-96-9E.pdf|y96-9 |